| 000 | 00450nam a2200181Ia 4500 | ||
|---|---|---|---|
| 008 | 210210b1989 xxu||||| |||| 00| 0 eng d | ||
| 020 | _a0 471 63764 5 | ||
| 082 | _a621.381535 BARO | ||
| 100 | _aBARNA (Arpad) | ||
| 245 | _aOperational amplifiers. Ed 2. | ||
| 250 | _a | ||
| 260 |
_aNew York. _bJohn Wiley and Sons _c1989 |
||
| 300 | _axii,273 | ||
| 650 | _aAmplifiers | ||
| 690 | _aElectronics | ||
| 700 | _aPORAT (Dan I). | ||
| 906 | _a045898 | ||
| 999 |
_c95512 _d95512 |
||